| 000 | 00493nam a2200205Ia 4500 | ||
|---|---|---|---|
| 003 | 0100 | ||
| 005 | 20161202093409.0 | ||
| 008 | 130303s9999 xx 000 0 und d | ||
| 040 | _cARRUPELIB | ||
| 050 | _aBR65.A92T4 1970 | ||
| 100 |
_aTesselle, Eugene _927858 |
||
| 245 | _aAugustine | ||
| 245 | _bthe theologian | ||
| 260 | _aNew York | ||
| 260 | _bHerder and Herder, Inc. | ||
| 300 | _a381p. | ||
| 300 | _b 22cm. | ||
| 600 |
_aAugustine, St. _913740 |
||
| 942 |
_2lcc _cMONOGRAPH |
||
| 999 |
_c33345 _d33345 |
||